000 00505nam a2200169 i 4500
001 51077
003 ES-MaACL
005 20230906162307.0
007 t|
008 030808s1978 sp ||||1| spa d
100 1 _aChao Espina, Enrique.
_937996
245 1 0 _aAlgunas leyendas del Miño /
_cEnrique Chao Espina.
260 _aBraga :
_bLivraria Cruz,
_c1978.
300 _a12 p., 1 lám. ;
_c24 cm.
500 _aEs separata de: Revista Bracara Augustae. T. XXXII, 1978.
852 _aES-MaACL
_j2109-F-23
999 _c51077
_d51077